| 000 | 00608nam a2200193 a 4500 | ||
|---|---|---|---|
| 005 | 20140310183215.0 | ||
| 008 | 030415s19uu xx 00 eng d | ||
| 020 | _a9781863502511 | ||
| 050 |
_aHG 4751 _b.Sh531 1998 |
||
| 245 | _aThe share investor's handbook / | ||
| 260 |
_aMelbourne : _bInformation Australia, _c1999. |
||
| 300 |
_a280 p. : _c26 cm. |
||
| 521 | _aBSBA | ||
| 650 |
_aStocks _xAustralia _xHandbooks, manuals, etc. |
||
| 650 |
_aInvestments _xAustralia _xHandbooks, manuals, etc. |
||
| 650 |
_aCorporations _xAustralia _xHandbooks, manuals, etc. |
||
| 942 |
_cBK _2lcc _kFOR |
||
| 999 |
_c20225 _d20225 |
||